|
|
|
|
| LEADER |
00793cam a2200217 7i4500 |
| 001 |
0000022591 |
| 005 |
20230524090000.0 |
| 008 |
080604 bm |
| 020 |
|
|
|a 983958572X (pbk.)
|
| 040 |
|
|
|a UiTM
|
| 090 |
0 |
0 |
|a QA371
|b .B34 1992
|
| 100 |
0 |
|
|a Bahrom Sanugi
|
| 245 |
1 |
0 |
|a Persamaan pembezaan
|c Bahrom Sanugi.
|
| 260 |
|
|
|a Sekudai, Johor:
|b Universiti Teknologi Malaysia,
|c 1992.
|
| 300 |
|
|
|a vii, 138 p.:
|b ill.;
|c 22 cm.
|
| 504 |
|
|
|a Includes bibliographical references and index
|
| 650 |
0 |
0 |
|a Differential equations
|
| 997 |
|
|
|a Engineering & Life Sciences, Faculty
|b Science & Biotechnology, Department
|
| 998 |
|
|
|a Biotechnology, Degree
|
| 999 |
|
|
|a 0000027791
|b BOK
|c OPEN SHELF
|e 2nd Floor, Bestari Jaya
|
| 999 |
|
|
|a 0000027792
|b BOK
|c OPEN SHELF
|e 2nd Floor, Bestari Jaya
|